| 000 | 00759nam a2200193 a 4500 | ||
|---|---|---|---|
| 008 | 071016s1998 ||||||||||||||||| || u | ||
| 050 | _aIBRD(02) | ||
| 100 | _aSandra, Cointreau-Levine | ||
| 245 | 1 | 0 | _aDecision-makers guide to solid waste landfills: summary |
| 260 |
_aWashington, D. C.: _bWorld Bank _c1998 |
||
| 300 | _a27p. | ||
| 350 | _a0.00 | ||
| 650 | _aREFUSE DISPOSAL FACILITIES--HANDBOOKS, MANUALS, ETC | ||
| 650 | _aSOLID WASTE MANAGEMENT-HANDBOOKS, MANUALS, ETC | ||
| 650 | _aWASTE | ||
| 650 | _aWASTE DISPOSAL SITES--HANDBOOKS, MANUALS, ETC | ||
| 710 | _aWorld Bank | ||
| 995 |
_D0.00 _FCBU-MAIN LIBRARY (Kitwe) _H1 _I0.00 _M1 _UAVAILABLE _WOct 16, 2007 _ZInternational Publications |
||
| 999 |
_c39515 _d39515 |
||